书目信息 |
| 题名: |
华北平原典型地区地下水污染防控技术方法及案例
|
|
| 作者: | 刘伟江 , 费宇红 , 井柳新 著 | |
| 分册: | ||
| 出版信息: | 北京 中国环境出版社 2019 |
|
| 页数: | 162页 | |
| 开本: | 26cm | |
| 丛书名: | 环保公益性行业科研专项经费项目系列丛书 | |
| 单 册: | ||
| 中图分类: | X523 | |
| 科图分类: | ||
| 主题词: | 地下水污染--di xia shui wu ran--污染防治--研究--华北平原 | |
| 电子资源: | ||
| ISBN: | 978-7-5111-2840-9 | |
| 000 | 01378nam 2200337 45 | |
| 001 | 012001003590 | |
| 005 | 20140102142159.0 | |
| 010 | @a978-7-5111-2840-9@dCNY119.00 | |
| 099 | @aCAL 012017050640 | |
| 100 | @a20170306d2016 ekmy0chiy50 ea | |
| 101 | 0 | @achi |
| 102 | @aCN@b110000 | |
| 105 | @aabk a 000yy | |
| 106 | @ar | |
| 200 | 1 | @a华北平原典型地区地下水污染防控技术方法及案例@Ahua bei ping yuan dian xing di qu di xia shui wu ran fang kong ji shu fang fa ji an li@f刘伟江 ... 等著 |
| 210 | @a北京@c中国环境出版社@d2019 | |
| 215 | @a162页@c彩图, 地图@d26cm | |
| 225 | 2 | @a环保公益性行业科研专项经费项目系列丛书@Ahuan bao gong yi xing hang ye ke yan zhuan xiang jing fei xiang mu xi lie cong shu |
| 304 | @a题名页题其余责任者: 费宇红, 井柳新, 王东, 赵勇胜等 | |
| 312 | @a英文题名取自封面 | |
| 320 | @a有书目 (第159-162页) | |
| 333 | @a水污染防治研究人员及相关读者。 | |
| 410 | 0 | @12001 @a环保公益性行业科研专项经费项目系列丛书 |
| 510 | 1 | @aTechnology methods and cases of ground water pollution prevention and control in typical areas of North China Plain@zeng |
| 606 | 0 | @a地下水污染@Adi xia shui wu ran@x污染防治@x研究@y华北平原 |
| 690 | @aX523@v5 | |
| 701 | 0 | @a刘伟江@Aliu wei jiang@4著 |
| 701 | 0 | @a费宇红@Afei yu hong@4著 |
| 701 | 0 | @a井柳新@Ajing liu xin@4著 |
| 801 | 2 | @aCN@b北京卓展@c20191020 |
| 905 | @b1212207-10@dX523@e220@f4 | |
| 华北平原典型地区地下水污染防控技术方法及案例/刘伟江 ... 等著.-北京:中国环境出版社,2019 |
| 162页:彩图, 地图;26cm.-(环保公益性行业科研专项经费项目系列丛书) |
| 使用对象:水污染防治研究人员及相关读者。 |
| ISBN 978-7-5111-2840-9:CNY119.00 |
| ● |
| 相关链接 |
|
|
|
|
正题名:华北平原典型地区地下水污染防控技术方法及案例
索取号:X523/220
 
预约/预借
| 序号 | 登录号 | 条形码 | 馆藏地/架位号 | 状态 | 备注 |
| 1 | 1212207 | 212122077 | 第二样本阅览室/ [索取号:X523/220] | 在馆 | |
| 2 | 1212208 | 212122086 | 第三借阅区/ [索取号:X523/220] | 在馆 | |
| 3 | 1212209 | 212122095 | 第三借阅区/ [索取号:X523/220] | 在馆 | |
| 4 | 1212210 | 212122102 | 第三借阅区/ [索取号:X523/220] | 在馆 |